[Event "SVK-chT2A 1415"]
[Site "Slovakia"]
[Date "2014.12.07"]
[Round "6.4"]
[White "Machalova, Maria"]
[Black "Sukuba, Zdeno"]
[Result "1/2-1/2"]
[WhiteElo "2096"]
[BlackElo "2096"]
[PlyCount "97"]
[EventDate "2014.10.11"]
[EventType "team-tourn"]
[EventRounds "11"]
[EventCountry "SVK"]
[SourceTitle "EXT 2016"]
[Source "ChessBase"]
[SourceDate "2015.10.08"]
[SourceVersion "1"]
[SourceVersionDate "2015.10.08"]
[SourceQuality "1"]
[WhiteTeam "Bratislava KSN"]
[BlackTeam "Bratislava Krasnany"]
[WhiteTeamCountry "SVK"]
[BlackTeamCountry "SVK"]

1. c4 Nf6 2. Nc3 e6 3. g3 d5 4. cxd5 exd5 5. d4 c6 6. Bg2 Bd6 7. Nf3 Nbd7 8. 0-0 0-0 9. a3 Re8 10. b4 a6 11. Na4 Ne4 12. Qc2 h6 13. Nc5 Ndf6 14. Bb2 Qe7 15. e3 Bf5 16. Qb3 Rab8 17. a4 Bg4 18. Bc3 a5 19. bxa5 Bxc5 20. dxc5 Nxc3 21. Qxc3 Ne4 22. Qb4 Qxc5 23. Rfb1 Qxb4 24. Rxb4 Bxf3 25. Bxf3 Nc5 26. Be2 Re4 27. Rab1 Rxb4 28. Rxb4 Ra8 29. a6 bxa6 30. Rb6 Rc8 31. a5 Kf8 32. Bxa6 Nxa6 33. Rxa6 Ke7 34. Ra7+ Ke6 35. a6 c5 36. Rb7 g5 37. a7 Ra8 38. h4 g4 39. Kf1 h5 40. Ke2 f6 41. f3 gxf3+ 42. Kxf3 Kf5 43. Rh7 Kg6 44. Rd7 c4 45. Ke2 Kf5 46. Rxd5+ Kg4 47. Kf2 Rxa7 48. Rd4+ Kh3 49. Rxc4 1/2-1/2

[Event "CZE/SVK-chT (Women)"]
[Site "Liptovsky Mikulas"]
[Date "2014.06.21"]
[Round "3"]
[White "Milcova, Zuzana"]
[Black "Machalova, Maria"]
[Result "0-1"]
[WhiteElo "2025"]
[BlackElo "2099"]
[PlyCount "100"]
[EventDate "2014.06.20"]
[EventType "team-tourn"]
[EventRounds "7"]
[EventCountry "SVK"]
[SourceTitle "EXT 2016"]
[Source "ChessBase"]
[SourceDate "2015.10.08"]
[SourceVersion "1"]
[SourceVersionDate "2015.10.08"]
[SourceQuality "1"]
[WhiteTeam "Humenne Reinter"]
[BlackTeam "Bratislava KSN"]
[WhiteTeamCountry "SVK"]
[BlackTeamCountry "SVK"]

1. e4 c5 2. d4 cxd4 3. c3 dxc3 4. Nxc3 Nc6 5. Nf3 d6 6. Bc4 e6 7. 0-0 Be7 8. Qe2 Nf6 9. Rd1 e5 10. h3 0-0 11. Be3 a6 12. a4 Be6 13. Nd5 Bxd5 14. exd5 Nb8 15. Rac1 Nbd7 16. b4 Ne4 17. Bd3 f5 18. Bxe4 fxe4 19. Nd2 Nf6 20. a5 Rc8 21. Bb6 Qd7 22. Nxe4 Nxe4 23. Qxe4 Bg5 24. Be3 Bxe3 25. Qxe3 Qb5 26. Qd2 h6 27. g3 Qd7 28. Rxc8 Rxc8 29. Kh2 Qc7 30. Qe2 Qc4 31. Qh5 Rf8 32. Rd2 Qxb4 33. Qe2 Qxa5 34. h4 Qc5 35. f4 exf4 36. Qe6+ Kh8 37. gxf4 Qc3 38. Rf2 Qf6 39. Kg3 a5 40. f5 a4 41. Kg4 b5 42. Rf4 a3 43. Qe2 b4 44. Qa2 g6 45. Kg3 Qc3+ 46. Rf3 Qe5+ 47. Kg2 Rxf5 48. Qc4 Qb2+ 49. Kg3 Rxf3+ 50. Kxf3 Qc3+ 0-1

[Event "SVK-chT1W 1314"]
[Site "Slovakia"]
[Date "2014.03.01"]
[Round "8.6"]
[White "Machalova, Maria"]
[Black "Lukac, Roman"]
[Result "1-0"]
[WhiteElo "2091"]
[BlackElo "2110"]
[PlyCount "81"]
[EventDate "2013.10.12"]
[EventType "team-tourn"]
[EventRounds "11"]
[EventCountry "SVK"]
[SourceTitle "EXT 2015"]
[Source "ChessBase"]
[SourceDate "2014.11.20"]
[SourceVersion "1"]
[SourceVersionDate "2014.11.20"]
[SourceQuality "1"]
[WhiteTeam "Devinska Nova Ves"]
[BlackTeam "Trnava Lokomotiva"]
[WhiteTeamCountry "SVK"]
[BlackTeamCountry "SVK"]

1. c4 e5 2. Nc3 Nf6 3. g3 Nc6 4. Bg2 Bc5 5. e3 d6 6. Nge2 a5 7. 0-0 0-0 8. h3 Ba7 9. d4 Bd7 10. Kh2 Ne8 11. f4 exd4 12. exd4 f5 13. b3 Nf6 14. Bb2 Re8 15. a3 Qe7 16. Rf3 Qf7 17. Rd3 Qh5 18. Bf3 Qh6 19. Kg2 Rac8 20. Nd5 Ne4 21. Qc2 Ne7 22. Nxe7+ Rxe7 23. b4 c6 24. bxa5 Rce8 25. Rf1 Bc8 26. a4 Nf6 27. d5 Ng4 28. Bc1 Kh8 29. dxc6 bxc6 30. Nd4 Ne3+ 31. Bxe3 Rxe3 32. Rxe3 Rxe3 33. Nxf5 Qe6 34. Nxe3 Qxh3+ 35. Kf2 Qh2+ 36. Bg2 Bh3 37. Qe4 h6 38. Qe8+ Kh7 39. Qe4+ Kh8 40. Rg1 Bc5 41. a6 1-0

[Event "SVK-chT1W 1213"]
[Site "Slovakia"]
[Date "2013.03.24"]
[Round "11.4"]
[White "Briestensky, Rastislav"]
[Black "Machalova, Maria"]
[Result "1-0"]
[WhiteElo "2296"]
[BlackElo "2105"]
[PlyCount "37"]
[EventDate "2012.10.20"]
[EventType "team-tourn"]
[EventRounds "11"]
[EventCountry "SVK"]
[SourceTitle "EXT 2015"]
[Source "ChessBase"]
[SourceDate "2014.11.20"]
[SourceVersion "1"]
[SourceVersionDate "2014.11.20"]
[SourceQuality "1"]
[WhiteTeam "Bratislava Slovan II"]
[BlackTeam "Budmerice"]
[WhiteTeamCountry "SVK"]
[BlackTeamCountry "SVK"]

1. e4 c5 2. Nf3 Nc6 3. Bb5 g6 4. 0-0 Bg7 5. Re1 d6 6. c3 a6 7. Bf1 Bg4 8. h3 Bxf3 9. Qxf3 Nf6 10. d3 0-0 11. g3 b5 12. Bg2 Rb8 13. Qd1 b4 14. f4 e5 15. Kh2 bxc3 16. Nxc3 Qc7 17. fxe5 dxe5 18. Qa4 Rfe8 19. Bf1 1-0

[Event "SVK-chT1W 1112"]
[Site "Slovakia"]
[Date "2012.02.04"]
[Round "8.5"]
[White "Machalova, Maria"]
[Black "Gombar, Peter"]
[Result "1-0"]
[WhiteElo "2184"]
[BlackElo "2033"]
[PlyCount "93"]
[EventDate "2011.10.15"]
[EventType "team-tourn"]
[EventRounds "11"]
[EventCountry "SVK"]
[SourceTitle "EXT 2013"]
[Source "ChessBase"]
[SourceDate "2012.11.22"]
[SourceVersion "1"]
[SourceVersionDate "2012.11.22"]
[SourceQuality "1"]
[WhiteTeam "Budmerice"]
[BlackTeam "Povazska Bystrica"]
[WhiteTeamCountry "SVK"]
[BlackTeamCountry "SVK"]

1. c4 Nf6 2. Nc3 e6 3. e4 d6 4. d4 e5 5. d5 Be7 6. Be2 0-0 7. Be3 c6 8. h3 a5 9. Nf3 Nbd7 10. 0-0 Re8 11. Qc2 Nf8 12. Rfd1 Qc7 13. Rac1 Bd7 14. Qd2 Ng6 15. c5 Red8 16. cxd6 Qxd6 17. Qc2 cxd5 18. Nxd5 Nxd5 19. Rxd5 Qe6 20. Bc4 Rac8 21. Rxa5 Qc6 22. Qb1 Be6 23. Bd5 Qd7 24. Rd1 Qc7 25. Rb5 Bxd5 26. Rbxd5 Rxd5 27. Rxd5 f6 28. Qd1 Qc4 29. Qb3 Qxb3 30. axb3 Rd8 31. Rb5 Rd7 32. Nd2 Kf7 33. Nc4 Bd8 34. Rxb7 Rxb7 35. Nd6+ Ke6 36. Nxb7 Be7 37. Nc5+ Bxc5 38. Bxc5 Nf4 39. Kf1 g6 40. Be3 Nd3 41. Ke2 Nb4 42. Kd2 Kd6 43. Kc3 Na6 44. Kc4 Kc6 45. b4 Nc7 46. Bc5 f5 47. f3 1-0

[Event "SVK-chT1W 1112"]
[Site "Slovakia"]
[Date "2012.01.08"]
[Round "7.4"]
[White "Machalova, Maria"]
[Black "Privara, Igor"]
[Result "0-1"]
[WhiteElo "2184"]
[BlackElo "2264"]
[PlyCount "122"]
[EventDate "2011.10.15"]
[EventType "team-tourn"]
[EventRounds "11"]
[EventCountry "SVK"]
[SourceTitle "EXT 2013"]
[Source "ChessBase"]
[SourceDate "2012.11.22"]
[SourceVersion "1"]
[SourceVersionDate "2012.11.22"]
[SourceQuality "1"]
[WhiteTeam "Budmerice"]
[BlackTeam "Bratislava Slovan II"]
[WhiteTeamCountry "SVK"]
[BlackTeamCountry "SVK"]

1. c4 Nf6 2. Nc3 c5 3. e4 Nc6 4. g3 g6 5. Bg2 Bg7 6. d3 d6 7. Nge2 0-0 8. 0-0 Rb8 9. h3 a6 10. f4 Bd7 11. Be3 b5 12. Qd2 Qb6 13. Rab1 Nd4 14. e5 Ne8 15. Nd5 Nxe2+ 16. Qxe2 Qd8 17. exd6 exd6 18. b3 Nc7 19. Kh2 Re8 20. Qf2 Nxd5 21. Bxd5 Qc8 22. Bg2 Bc6 23. Rbe1 Bxg2 24. Qxg2 Qf5 25. Qd2 h5 26. Bf2 d5 27. cxb5 axb5 28. Bxc5 d4 29. b4 Ra8 30. Rxe8+ Rxe8 31. Rf3 g5 32. Qc2 g4 33. hxg4 hxg4 34. Rf1 Re3 35. Qg2 Rxd3 36. Re1 Rc3 37. Kg1 Rc2 38. Qh1 Qc8 39. Qe4 Rxa2 40. Qe8+ Qxe8 41. Rxe8+ Kh7 42. Rd8 Rd2 43. Rd5 d3 44. Bd4 Bxd4+ 45. Rxd4 Kg6 46. Kf1 Kf5 47. Ke1 Re2+ 48. Kf1 Re3 49. Kf2 Rf3+ 50. Kg2 Ke6 51. Rd8 f5 52. Rd4 Re3 53. Rd8 Re4 54. Rxd3 Rxb4 55. Kf2 Re4 56. Rd8 b4 57. Rb8 Kd5 58. Rb5+ Kc4 59. Rxf5 b3 60. Rf8 b2 61. Rb8 Kc3 0-1

[Event "SVK-chT1W 1112"]
[Site "Slovakia"]
[Date "2011.12.11"]
[Round "6.5"]
[White "Machalova, Maria"]
[Black "Hacik, Radomir"]
[Result "0-1"]
[WhiteElo "2184"]
[BlackElo "2158"]
[PlyCount "120"]
[EventDate "2011.10.15"]
[EventType "team-tourn"]
[EventRounds "11"]
[EventCountry "SVK"]
[SourceTitle "EXT 2013"]
[Source "ChessBase"]
[SourceDate "2012.11.22"]
[SourceVersion "1"]
[SourceVersionDate "2012.11.22"]
[SourceQuality "1"]
[WhiteTeam "Budmerice"]
[BlackTeam "Bratislava Slovan III"]
[WhiteTeamCountry "SVK"]
[BlackTeamCountry "SVK"]

1. c4 e5 2. Nc3 Nc6 3. g3 g6 4. Bg2 Bg7 5. d3 Nge7 6. e4 0-0 7. Nge2 f5 8. 0-0 d6 9. Nd5 Be6 10. Rb1 Qd7 11. b4 Nd8 12. Bg5 Nc8 13. Qd2 c6 14. Ndc3 Nf7 15. Be3 Ne7 16. f4 d5 17. cxd5 cxd5 18. exf5 Nxf5 19. Bf2 Rfc8 20. Rfc1 d4 21. Ne4 b6 22. a3 Rxc1+ 23. Rxc1 Rc8 24. Rxc8+ Qxc8 25. fxe5 Bxe5 26. Nf4 Bb3 27. g4 Ne3 28. Bxe3 dxe3 29. Qxe3 Qxg4 30. Ne2 Qh4 31. N2g3 Qf4 32. Qxf4 Bxf4 33. Kf2 Bc1 34. Ne2 Bxa3 35. Nd4 Ba4 36. Nf6+ Kg7 37. Nd5 Bd7 38. Ke2 Ne5 39. Nc2 Bb2 40. Nde3 a5 41. d4 Bb5+ 42. Kd2 Nc4+ 43. Nxc4 Bxc4 44. bxa5 bxa5 45. Bc6 Bb3 46. d5 Be5 47. h3 Kf6 48. Na3 a4 49. Kc1 Bd6 50. Kb2 Bxa3+ 51. Kxa3 Ke5 52. Kb4 g5 53. Kc5 a3 54. d6 Be6 55. Bd5 Bxh3 56. Kc6 Bf5 57. Bc4 g4 58. Bd3 a2 59. Bxf5 a1Q 60. d7 Qa8+ 0-1

[Event "Mitropa Cup (Women)"]
[Site "Merlimont"]
[Date "2011.10.15"]
[Round "9.5"]
[White "Machalova, Maria"]
[Black "Lubbe, Melanie"]
[Result "0-1"]
[WhiteElo "2184"]
[BlackElo "2344"]
[PlyCount "78"]
[EventDate "2011.10.08"]
[EventType "team-tourn"]
[EventRounds "10"]
[EventCountry "FRA"]
[SourceTitle "CBM 144 Extra"]
[Source "ChessBase"]
[SourceDate "2011.10.28"]
[SourceVersion "1"]
[SourceVersionDate "2011.10.28"]
[SourceQuality "1"]
[WhiteTeam "Slovakia (W)"]
[BlackTeam "Germany (W)"]
[WhiteTeamCountry "SVK"]
[BlackTeamCountry "GER"]

1. c4 Nf6 2. Nc3 g6 3. g3 Bg7 4. Bg2 0-0 5. e3 c5 6. Nge2 Nc6 7. 0-0 d6 8. d4 Bd7 9. b3 a6 10. Bb2 Rb8 11. Rc1 Qa5 12. dxc5 dxc5 13. a3 Rfd8 14. Qc2 Bf5 15. e4 Bg4 16. f3 Bd7 17. Nd5 Nxd5 18. cxd5 Nd4 19. Nxd4 cxd4 20. b4 Qb5 21. Qd2 Qb6 22. Rc5 Bb5 23. Ra1 e5 24. a4 Bd7 25. a5 Qa7 26. Bf1 Bf8 27. Rcc1 b6 28. Kh1 bxa5 29. bxa5 Rb3 30. Bc4 Rxf3 31. Kg2 Re3 32. Rf1 Bd6 33. Qf2 Bg4 34. h3 Bf3+ 35. Kh2 Bxe4 36. Bxa6 Bxd5 37. Qf6 Be7 38. Qb6 Qxb6 39. axb6 Rb3 0-1

[Event "Mitropa Cup (Women)"]
[Site "Merlimont"]
[Date "2011.10.11"]
[Round "5"]
[White "Machalova, Maria"]
[Black "Olsarova, Tereza"]
[Result "1/2-1/2"]
[WhiteElo "2184"]
[BlackElo "2244"]
[PlyCount "111"]
[EventDate "2011.10.08"]
[EventType "team-tourn"]
[EventRounds "10"]
[EventCountry "FRA"]
[SourceTitle "CBM 144 Extra"]
[Source "ChessBase"]
[SourceDate "2011.10.28"]
[SourceVersion "1"]
[SourceVersionDate "2011.10.28"]
[SourceQuality "1"]
[WhiteTeam "Slovakia (W)"]
[BlackTeam "Czech Republic (W)"]
[WhiteTeamCountry "SVK"]
[BlackTeamCountry "CZE"]

1. c4 e5 2. Nc3 Nf6 3. g3 d5 4. cxd5 Nxd5 5. Bg2 Nb6 6. Nf3 Nc6 7. 0-0 Be7 8. d3 0-0 9. a3 Be6 10. b4 Nd4 11. Nxd4 exd4 12. Ne4 Bd5 13. Qc2 f5 14. Nc5 Bxg2 15. Kxg2 Qd5+ 16. Kg1 Bxc5 17. Qxc5 Qxc5 18. bxc5 Na4 19. Bf4 Rfe8 20. Rfe1 Nxc5 21. Bxc7 Rac8 22. Bf4 Ne6 23. Be5 Rc5 24. f4 Rec8 25. Rab1 b5 26. Bd6 Rd5 27. Bb4 Kf7 28. Rec1 Rdd8 29. Kf2 Ke8 30. Ba5 Rxc1 31. Rxc1 Rb8 32. e4 dxe3+ 33. Kxe3 Kd7 34. Bc3 Rc8 35. Bb2 Rxc1 36. Bxc1 Kc6 37. Bb2 Kd5 38. h3 h5 39. g4 hxg4 40. hxg4 g6 41. gxf5 gxf5 42. Bc3 Nd8 43. Bd4 Nc6 44. Bg7 a5 45. Bh8 b4 46. axb4 Nxb4 47. Kd2 Na6 48. Kc3 Nc5 49. Be5 a4 50. d4 Ne6 51. Kb4 a3 52. Kxa3 Nxd4 53. Kb2 Ke4 54. Kc3 Ne2+ 55. Kd2 Nxf4 56. Bb8 1/2-1/2

[Event "Mitropa Cup (Women)"]
[Site "Merlimont"]
[Date "2011.10.09"]
[Round "2"]
[White "Novkovic, Julia"]
[Black "Machalova, Maria"]
[Result "1-0"]
[WhiteElo "2053"]
[BlackElo "2184"]
[PlyCount "87"]
[EventDate "2011.10.08"]
[EventType "team-tourn"]
[EventRounds "10"]
[EventCountry "FRA"]
[SourceTitle "CBM 144 Extra"]
[Source "ChessBase"]
[SourceDate "2011.10.28"]
[SourceVersion "1"]
[SourceVersionDate "2011.10.28"]
[SourceQuality "1"]
[WhiteTeam "Austria (W)"]
[BlackTeam "Slovakia (W)"]
[WhiteTeamCountry "AUT"]
[BlackTeamCountry "SVK"]

1. e4 c5 2. Nf3 Nc6 3. d4 cxd4 4. Nxd4 g6 5. Nc3 Bg7 6. Be3 Nf6 7. Bc4 0-0 8. Bb3 Qa5 9. 0-0 d6 10. h3 Bd7 11. Re1 Rfd8 12. Qd2 Nxd4 13. Bxd4 Bc6 14. Rad1 Rd7 15. Bxf6 Bxf6 16. Nd5 Qxd2 17. Nxf6+ exf6 18. Rxd2 Re8 19. Red1 Rxe4 20. Rxd6 Rxd6 21. Rxd6 Kg7 22. Rd2 Re1+ 23. Kh2 a5 24. Bd5 Bxd5 25. Rxd5 b6 26. Rb5 Re6 27. Kg3 f5 28. c4 h6 29. a4 Kf6 30. c5 bxc5 31. Rxa5 Rb6 32. Rb5 Rxb5 33. axb5 Ke5 34. Kf3 Kd5 35. Ke3 f6 36. Kd3 h5 37. Kc3 f4 38. f3 h4 39. Kb3 g5 40. Ka4 f5 41. b6 Kc6 42. Ka5 Kb7 43. b3 g4 44. Kb5 1-0

[Event "Mitropa Cup (Women)"]
[Site "Merlimont"]
[Date "2011.10.08"]
[Round "1"]
[White "Machalova, Maria"]
[Black "Kovacs, Klara"]
[Result "1-0"]
[WhiteElo "2184"]
[BlackElo "2183"]
[PlyCount "83"]
[EventDate "2011.10.08"]
[EventType "team-tourn"]
[EventRounds "10"]
[EventCountry "FRA"]
[SourceTitle "CBM 144 Extra"]
[Source "ChessBase"]
[SourceDate "2011.10.28"]
[SourceVersion "1"]
[SourceVersionDate "2011.10.28"]
[SourceQuality "1"]
[WhiteTeam "Slovakia (W)"]
[BlackTeam "Hungary (W)"]
[WhiteTeamCountry "SVK"]
[BlackTeamCountry "HUN"]

1. c4 e5 2. Nc3 Nf6 3. g3 h6 4. Bg2 Bb4 5. d3 Bxc3+ 6. bxc3 d6 7. e4 0-0 8. Ne2 Be6 9. 0-0 Qc8 10. f4 exf4 11. gxf4 Bh3 12. f5 Bxg2 13. Kxg2 Nbd7 14. Ng3 Qe8 15. Bf4 Nc5 16. Qf3 Kh7 17. Rae1 g5 18. Bc1 Qc6 19. Nh5 Nxh5 20. Qxh5 Rg8 21. Rf3 Rg7 22. Rh3 d5 23. cxd5 Qa6 24. Qe2 Re8 25. Kh1 Qf6 26. Bd2 b6 27. Qg2 Nb7 28. d4 Na5 29. Qf1 Rgg8 30. e5 Qg7 31. f6 Qg6 32. e6 fxe6 33. dxe6 Rgf8 34. Rf3 g4 35. Rf2 Qh5 36. Qd3+ Qg6 37. Qxg6+ Kxg6 38. f7 Re7 39. d5 Nc4 40. Ree2 Nd6 41. Rf4 Nxf7 42. Ref2 1-0

[Event "SVK-chT1W 1011"]
[Site "Slovakia"]
[Date "2011.02.12"]
[Round "6.4"]
[White "Bezuch, Martin"]
[Black "Machalova, Maria"]
[Result "0-1"]
[WhiteElo "2198"]
[BlackElo "2190"]
[PlyCount "66"]
[EventDate "2010.11.06"]
[EventType "team-tourn"]
[EventRounds "11"]
[EventCountry "SVK"]
[SourceTitle "EXT 2012"]
[Source "ChessBase"]
[SourceDate "2011.11.24"]
[SourceVersion "1"]
[SourceVersionDate "2011.11.24"]
[SourceQuality "1"]
[WhiteTeam "Bratislava Slovan II"]
[BlackTeam "Budmerice"]
[WhiteTeamCountry "SVK"]
[BlackTeamCountry "SVK"]

1. g3 c5 2. Bg2 d5 3. d3 Nc6 4. Nd2 Nf6 5. e3 e5 6. Ne2 Be6 7. a3 Qd7 8. h3 Be7 9. g4 0-0-0 10. Ng3 g6 11. e4 dxe4 12. Ndxe4 Nxe4 13. Nxe4 f5 14. Ng5 Bg8 15. gxf5 gxf5 16. Bd2 Bf6 17. h4 Bd5 18. Bxd5 Qxd5 19. Rg1 Nd4 20. c4 Qc6 21. Bc3 Bxg5 22. Bxd4 Bxh4 23. Bc3 Rhg8 24. Ke2 Rxg1 25. Qxg1 e4 26. Rd1 exd3+ 27. Rxd3 Qe4+ 28. Re3 Qxc4+ 29. Kf3 Rg8 30. Bg7 Qg4+ 31. Qxg4 fxg4+ 32. Kxg4 Bxf2 33. Re7 Bd4 0-1

[Event "SVK-ch op-A"]
[Site "Banska Stiavnica"]
[Date "2010.07.18"]
[Round "9"]
[White "Rigo, Janos"]
[Black "Machalova, Maria"]
[Result "0-1"]
[WhiteElo "2321"]
[BlackElo "2206"]
[PlyCount "100"]
[EventDate "2010.07.10"]
[EventType "swiss"]
[EventRounds "9"]
[EventCountry "SVK"]
[SourceTitle "CBM 137 Extra"]
[Source "ChessBase"]
[SourceDate "2010.09.01"]
[SourceVersion "1"]
[SourceVersionDate "2010.09.01"]
[SourceQuality "1"]

1. e4 c5 2. Nf3 g6 3. d4 cxd4 4. Qxd4 Nf6 5. e5 Nc6 6. Qc4 d5 7. exd6 Qxd6 8. Bf4 Qe6+ 9. Qxe6 Bxe6 10. Nc3 Nd5 11. Bd2 Nxc3 12. Bxc3 f6 13. 0-0-0 Bh6+ 14. Kb1 Kf7 15. Bb5 Rhd8 16. b3 Rxd1+ 17. Rxd1 Rd8 18. Re1 Bd5 19. Be2 e5 20. g3 e4 21. Nh4 f5 22. Ng2 Bg7 23. Bxg7 Kxg7 24. Rd1 Kf6 25. c4 Bf7 26. Rxd8 Nxd8 27. Kc2 g5 28. f4 exf3 29. Bxf3 Ke5 30. Kd3 f4 31. gxf4+ gxf4 32. Be4 Bg6 33. Bxg6 hxg6 34. Nh4 g5 35. Nf3+ Kf5 36. h3 Nc6 37. Nd2 Nb4+ 38. Kd4 Nxa2 39. Ne4 g4 40. hxg4+ Kxg4 41. Nf2+ Kg3 42. Ne4+ Kg2 43. c5 f3 44. Kc4 f2 45. Nxf2 Kxf2 46. b4 Nxb4 47. Kxb4 Ke3 48. Kb5 Kd4 49. c6 bxc6+ 50. Kxc6 Kc4 0-1

[Event "SVK-ch op-A"]
[Site "Banska Stiavnica"]
[Date "2010.07.10"]
[Round "1"]
[White "Konnyu, Janos"]
[Black "Machalova, Maria"]
[Result "1-0"]
[WhiteElo "2353"]
[BlackElo "2206"]
[PlyCount "113"]
[EventDate "2010.07.10"]
[EventType "swiss"]
[EventRounds "9"]
[EventCountry "SVK"]
[SourceTitle "CBM 137 Extra"]
[Source "ChessBase"]
[SourceDate "2010.09.01"]
[SourceVersion "1"]
[SourceVersionDate "2010.09.01"]
[SourceQuality "1"]

1. e4 c5 2. Nf3 Nc6 3. d4 cxd4 4. Nxd4 g6 5. c4 Bg7 6. Be3 Nf6 7. Nc3 d6 8. Be2 0-0 9. Rc1 Bd7 10. 0-0 Nxd4 11. Bxd4 Bc6 12. f3 a5 13. c5 e5 14. Bf2 d5 15. Bh4 d4 16. Nb5 Qd7 17. Nd6 Qc7 18. Nc4 Rae8 19. Qd2 a4 20. Qb4 Nh5 21. Nd6 Ra8 22. Bc4 Nf4 23. g3 Ne6 24. f4 exf4 25. gxf4 d3 26. Bxd3 Bd4+ 27. Bf2 Bxf2+ 28. Rxf2 Qa5 29. a3 Rfd8 30. e5 Qxb4 31. axb4 a3 32. bxa3 Rxa3 33. Bc4 Rda8 34. b5 Bf3 35. Bxe6 fxe6 36. c6 bxc6 37. bxc6 Ra1 38. Rfc2 R8a2 39. Rxa1 Rxa1+ 40. Kf2 Bxc6 41. Rxc6 Ra2+ 42. Kg3 Ra3+ 43. Kg4 h6 44. Ne4 Kf7 45. Rc7+ Kf8 46. Nc5 Ra2 47. Nxe6+ Ke8 48. h3 Rg2+ 49. Kf3 Rh2 50. Kg3 Rh1 51. Rg7 h5 52. Kg2 Re1 53. Rxg6 h4 54. Ng5 Ke7 55. Rg7+ Ke8 56. e6 Kf8 57. Ra7 1-0

[Event "SVK-chT 0910"]
[Site "Slovakia"]
[Date "2010.02.21"]
[Round "8"]
[White "Peitl, Tomas"]
[Black "Machalova, Maria"]
[Result "0-1"]
[WhiteElo "2175"]
[BlackElo "2216"]
[PlyCount "102"]
[EventDate "2009.10.24"]
[EventType "team-tourn"]
[EventRounds "11"]
[EventCountry "SVK"]
[SourceTitle "EXT 2019"]
[Source "ChessBase"]
[SourceDate "2018.10.10"]
[SourceVersion "1"]
[SourceVersionDate "2018.10.10"]
[SourceQuality "1"]
[WhiteTeam "Dunajska Streda"]
[BlackTeam "Trencin"]
[WhiteTeamCountry "SVK"]
[BlackTeamCountry "SVK"]

1. e4 c5 2. Nf3 Nc6 3. d4 cxd4 4. Nxd4 g6 5. c4 Bg7 6. Be3 Nf6 7. Nc3 0-0 8. Be2 d6 9. 0-0 Bd7 10. Rc1 Nxd4 11. Bxd4 Bc6 12. f3 a5 13. Be3 Nd7 14. Qe1 Nc5 15. Qf2 Qb6 16. b3 Rfc8 17. Kh1 a4 18. Nb5 axb3 19. axb3 Qd8 20. b4 Nb3 21. Rb1 Bxb5 22. cxb5 Rc3 23. f4 Ra2 24. e5 Rcc2 25. Rfe1 Nd2 26. Bxd2 Rxd2 27. Qe3 dxe5 28. fxe5 e6 29. Bf3 b6 30. Red1 h5 31. h3 Kh7 32. Qf4 Qd7 33. Rxd2 Rxd2 34. Bc6 Rd4 35. Qe3 Rd1+ 36. Rxd1 Qxd1+ 37. Kh2 Qd8 38. g3 Qc7 39. h4 Bxe5 40. Kh3 Bg7 41. Qf3 f5 42. Qe3 e5 43. Kg2 e4 44. Qb3 Qe5 45. Qf7 e3 46. Be8 Qb2+ 47. Kh3 Qf6 48. Qxf6 Bxf6 49. Kg2 Be5 50. Kf3 e2 51. Kxe2 Bxg3 0-1

[Event "CZE/SVK-chT (Women)"]
[Site "Martin"]
[Date "2010.??.??"]
[Round "4"]
[White "Turkova, Karolina"]
[Black "Machalova, Maria"]
[Result "0-1"]
[WhiteElo "1880"]
[BlackElo "2205"]
[PlyCount "118"]
[EventDate "2010.05.??"]
[EventType "team-tourn"]
[EventRounds "7"]
[EventCountry "SVK"]
[SourceTitle "EXT 2012"]
[Source "ChessBase"]
[SourceDate "2011.11.24"]
[SourceVersion "1"]
[SourceVersionDate "2011.11.24"]
[SourceQuality "1"]

1. e4 c5 2. Nf3 Nc6 3. d4 cxd4 4. Nxd4 g6 5. c4 Bg7 6. Be3 Nf6 7. Nc3 0-0 8. Be2 d6 9. 0-0 Bd7 10. Rc1 Nxd4 11. Bxd4 Bc6 12. f3 a5 13. b3 Nd7 14. Bxg7 Kxg7 15. Qd4+ Kg8 16. Rfd1 Qb8 17. Nd5 Bxd5 18. exd5 Qa7 19. Qxa7 Rxa7 20. Rc3 Rc8 21. Re3 Kf8 22. Bd3 Nc5 23. Bc2 Rc7 24. Rc3 Ra8 25. Rc1 Na6 26. Bb1 Rac8 27. Kf2 b5 28. Ke3 b4 29. Rd3 Nc5 30. Rd2 a4 31. Bc2 axb3 32. Bxb3 Ra8 33. Rb1 Ra3 34. Kd4 Rca7 35. Rbb2 Kg7 36. Re2 Kf6 37. g3 g5 38. Rg2 h6 39. h3 e5+ 40. dxe6 fxe6 41. Rgf2 e5+ 42. Ke3 Rg7 43. Rfd2 Ke6 44. Kf2 h5 45. Ke3 g4 46. hxg4 hxg4 47. fxg4 Rxg4 48. Kf3 Rg6 49. Rg2 e4+ 50. Ke3 Ke5 51. Rb1 Rf6 52. Rf2 Rxf2 53. Kxf2 Nxb3 54. axb3 Ra2+ 55. Kf1 Rh2 56. Kg1 Rd2 57. Kf1 Kd4 58. Ke1 Ke3 59. Rc1 Rh2 0-1

[Event "SVK-chT1W 0910"]
[Site "Slovakia"]
[Date "2009.11.15"]
[Round "4.3"]
[White "Machalova, Maria"]
[Black "Bezuch, Martin"]
[Result "1/2-1/2"]
[WhiteElo "2216"]
[BlackElo "2203"]
[PlyCount "78"]
[EventDate "2009.10.17"]
[EventType "team"]
[EventRounds "11"]
[EventCountry "SVK"]
[SourceTitle "EXT 2011"]
[Source "ChessBase"]
[SourceDate "2010.11.26"]
[SourceVersion "1"]
[SourceVersionDate "2010.11.26"]
[SourceQuality "1"]
[WhiteTeam "Budmerice"]
[BlackTeam "Bratislava Doprastav II"]
[WhiteTeamCountry "SVK"]
[BlackTeamCountry "SVK"]

1. c4 g6 2. Nc3 Bg7 3. e4 d6 4. d4 Nd7 5. f3 e5 6. d5 Ne7 7. Bg5 h6 8. Be3 0-0 9. Qd2 Kh7 10. g4 f5 11. exf5 gxf5 12. 0-0-0 Nf6 13. h3 Ng6 14. Bd3 Qe7 15. g5 Nh5 16. gxh6 Bf6 17. h4 Nxh4 18. Qc2 Kh8 19. Bf2 Nf4 20. Bxh4 Bxh4 21. Nge2 Nxe2+ 22. Qxe2 a6 23. Kb1 Bd7 24. Rdg1 Rg8 25. Qh2 Rxg1+ 26. Rxg1 Rg8 27. Rh1 Bg5 28. Qh5 Qf6 29. Ne2 Rg6 30. Rg1 Kh7 31. Qh2 Be3 32. Rxg6 Qxg6 33. Qh3 Bf4 34. Kc2 Be3 35. Ng3 Qxh6 36. Bxf5+ Bxf5+ 37. Qxf5+ Qg6 38. Kd3 Bf4 39. Qxg6+ Kxg6 1/2-1/2

[Event "SVK-chT1W 0910"]
[Site "Slovakia"]
[Date "2009.10.17"]
[Round "1.3"]
[White "Machalova, Maria"]
[Black "Cibulka, Vladimir"]
[Result "1/2-1/2"]
[WhiteElo "2216"]
[BlackElo "2259"]
[PlyCount "67"]
[EventDate "2009.10.17"]
[EventType "team"]
[EventRounds "11"]
[EventCountry "SVK"]
[SourceTitle "EXT 2011"]
[Source "ChessBase"]
[SourceDate "2010.11.26"]
[SourceVersion "1"]
[SourceVersionDate "2010.11.26"]
[SourceQuality "1"]
[WhiteTeam "Budmerice"]
[BlackTeam "Tlmace"]
[WhiteTeamCountry "SVK"]
[BlackTeamCountry "SVK"]

1. c4 Nf6 2. Nc3 c6 3. d4 d5 4. cxd5 cxd5 5. Nf3 Nc6 6. Bf4 e6 7. e3 Be7 8. Bd3 0-0 9. h3 b6 10. 0-0 Bb7 11. Rc1 Rc8 12. Ne5 Nxe5 13. Bxe5 Nd7 14. Bg3 a6 15. Ne2 Nf6 16. Rxc8 Bxc8 17. Qc2 Bd6 18. Rc1 Bxg3 19. Nxg3 Bb7 20. Qc7 Qxc7 21. Rxc7 Rb8 22. Kf1 Ne8 23. Rc2 Rc8 24. Rxc8 Bxc8 25. Ke2 h6 26. Kd2 Kf8 27. Ne2 Ke7 28. Nc3 Kd6 29. f3 f6 30. e4 Nc7 31. Ke3 e5 32. dxe5+ Kxe5 33. exd5 Nxd5+ 34. Nxd5 1/2-1/2